000 00306nam a2200133Ia 4500
003 OSt
005 20240410101629.0
008 170524s9999 xx 000 0 und d
020 _a9780782127041
040 _cIIMT UNIVERSITY
100 _aKUNT- CANGLE
245 0 _aXML DEVELOPERS HANDBOOK
942 _2ddc
_c02
999 _c3650
_d3650